Obvious Answers - Statistics

General Stats
  • This quiz has been taken 145 times
  • The average score is 10 of 10
Answer Stats
Question Answer % Correct
One plus zero equals? One
100%
What color is an Orange? Orange
100%
Where does Indian food come from? India
99%
The united states of America is on which supercontinent? America
98%
What do Chicken wings taste like? Chicken
98%
What company is headquartered in Apple park? Apple
96%
The autobiography of Calvin Coolidge was written by whom? Calvin Coolidge
96%
What is the capital of Monaco? Monaco
96%
Who made the Nintendo 3ds? Nintendo
96%
Where does the Loch Ness monster live? Loch Ness
94%
No matching quizzes found
Score Distribution
Percent of People with Each Score
Percentile by Number Answered
Your Score History
You have not taken this quiz